| 000 | 01122nam a2200349 a 4500 | ||
|---|---|---|---|
| 001 | 000110293 | ||
| 003 | CHAP | ||
| 005 | 20220329144126.0 | ||
| 008 | 140812s2013 it aj |r| ||||||fre d | ||
| 010 | _a106755 | ||
| 011 | _a107727 | ||
| 020 | _a9789252076414 | ||
| 040 | _cCHAP | ||
| 082 | 0 | 4 |
_a633.682 _bF21f |
| 245 | 1 | 0 |
_aProduire plus avec moins : _ble manioc. Guide pour une intensification durable de la production / _cpor Reinhardt Howeler, NeBambi Lutaladio y Graeme Thomas. |
| 260 |
_aRoma : _bFAO, _cc2013. |
||
| 300 |
_ax, 129 p. : _bil., fiagrs., tabs. |
||
| 590 |
_aE5995AHE _b05 _c20140812 _lUCH01 _h1056 |
||
| 650 | 1 | 4 |
_aAgricultura _xPaíses subdesarrollados. _91760 |
| 650 | 1 | 4 |
_aCultivos _xVariedades. _930332 |
| 650 | 1 | 4 |
_aOrdenación de aguas. _983422 |
| 650 | 1 | 4 |
_aPlantas _xNutrición. _988874 |
| 650 | 1 | 4 |
_aProducción vegetal. _9125387 |
| 650 | 1 | 4 |
_aYuca. _9123269 |
| 650 | 1 | 4 |
_aYuca _xEnfermedades. _9123283 |
| 700 | 0 |
_aHoweler, Reinhardt H. _956503 |
|
| 700 | 0 |
_aThomas, Graham Stuart. _9112828 |
|
| 700 | 1 |
_aLutaladio, NeBambi _969197 |
|
| 901 | _aBK | ||
| 942 | _cLIBRO | ||
| 942 | _n0 | ||
| 999 |
_c106755 _d106755 |
||